Рюриковичи; Князь Владимир

Библиографические подробности
Главный автор: Лавров А. И. Александр Иванович
Примечания:Загл. пер.: Варяги и Русь.
Язык:русский
Опубликовано: Москва, Новая книга, 1995
Опубликовано вместе с:Ф. В. Добров. Князь Владимир
Серии:Всемирная история в романах
Летопись великих событий
Предметы:
Формат: Книга
Запись в KOHA:https://koha.lib.tpu.ru/cgi-bin/koha/opac-detail.pl?biblionumber=1584

MARC

LEADER 00000nam0a2200000 4500
001 1584
005 20240618112438.0
010 |a 584740204X 
035 |a (RuTPU)RU\TPU\book\1592 
035 |a BOOK00001594 
090 |a 1584 
100 |a 20011209d1995 m y0rusy50 ca 
101 0 |a rus 
102 |a RU 
105 |a a z 000ad 
200 1 |a Рюриковичи  |f А. И. Лавров 
210 |a Москва  |c Новая книга  |d 1995 
215 |a 671 с.  |c ил. 
225 1 |a Всемирная история в романах 
225 1 |a Летопись великих событий 
300 |a Загл. пер.: Варяги и Русь. 
423 |t Князь Владимир  |f Ф. В. Добров  |a Добров, Франц Викентьевич 
600 0 |a Ольга  |c киевская княгиня  |f ? - 969 г.  |c жена князя Игоря  |2 stltpush  |3 (RuTPU)RU\TPU\pers\9912 
600 0 |a Владимир Святославич Красное Солнышко  |d I  |c Святой  |c князь новгородский  |c великий князь киевский  |f ?-1015  |2 stltpush  |3 (RuTPU)RU\TPU\pers\9923 
600 0 |a Игорь  |c великий князь киевский  |f ?-945  |2 stltpush  |3 (RuTPU)RU\TPU\pers\10092 
602 |a Рюриковичи  |f 12-16 вв.  |c пра­вя­щая ди­на­стия в Древнерусском го­су­дар­ст­ве, русских зем­лях и кня­же­ст­вах  |x род русских князей и царей, считавшихся потомками Рюрика  |2 stltpush  |3 (RuTPU)RU\TPU\pers\414  |9 204 
610 1 |a исторические романы 
610 1 |a исторические рассказы 
675 |a Р2  |v 3 
700 1 |a Лавров  |b А. И.  |g Александр Иванович 
801 0 |a RU  |b 63413507  |c 20011209  |g PSBO 
801 2 |a RU  |b 63413507  |c 20061205  |g PSBO 
942 |c BK